Vũ Trọng Phụng toàn tập Tiểu thuyết: Giông tố. Vỡ đê. Quý phái Tập 3

Zapisane w:
Opis bibliograficzny
1. autor: Vũ Trọng Phụng
Kolejni autorzy: Tôn Thảo Miên (b.soạn, giới thiệu)
Format: Książka
Język:Vietnamese
Wydane: H. Văn học 2004
Hasła przedmiotowe:
Etykiety: Dodaj etykietę
Nie ma etykietki, Dołącz pierwszą etykiete!
Thư viện lưu trữ: Mạng thư viện Đại học Đà Nẵng
LEADER 01328nam a2200361 4500
001 000005632
003 1778
005 20120510140557.0
008 110818s2004 viesd
020 |c 000đ 
041 0 |a vie 
082 |a 895.9223  |b VU-P 
100 0 |a Vũ Trọng Phụng 
245 1 0 |a Vũ Trọng Phụng toàn tập  |b Tiểu thuyết: Giông tố. Vỡ đê. Quý phái  |c Vũ Trọng Phụng ; Tôn Thảo Miên b.s., giới thiệu  |n Tập 3 
260 |a H.  |b Văn học  |c 2004 
300 |a 586 tr  |c 21 cm 
504 |a Tập 3. Tiểu thuyết: Giông tố. Vỡ đê. Quý phái 
653 |a Văn học hiện đại 
653 |a Việt Nam 
653 |a Tiểu thuyết 
700 |a Tôn Thảo Miên  |e b.soạn, giới thiệu 
773 |t Vũ Trọng Phụng toàn tập  |w 1775 
910 |a Nguyễn Thị Kim Oanh  |d 18/08/2011 
OWN |a LSP 
AVA |a UDN50  |b LSP  |d 895.9223 VU-P  |e available  |t Error 5001 Not defined in file expand_doc_bib_avail.  |f 2  |g 0  |h N  |i 0  |k 1 
999 |a From the UDN01 
AVA |a UDN50  |b LSP  |d 895.9223 VU-P  |e available  |t Error 5001 Not defined in file expand_doc_bib_avail.  |f 2  |g 0  |h N  |i 0  |k 1 
TYP |a Monograph 
TYP |a Printed language 
980 |a Mạng thư viện Đại học Đà Nẵng